| Tag |
First Indicator |
Second Indicator |
Subfields |
| LEADER |
00000cam a22000001a 4500 |
| 001 |
in00003313921 |
| 006 |
m d f |
| 007 |
cr bn mmmapmmp |
| 008 |
100505s1937 dcu o f000 0 eng d |
| 005 |
20260430211725.2 |
| 035 |
|
|
|a cis2007828554
|
| 040 |
|
|
|a LexisNexis
|c LexisNexis
|d UtOrBLW
|
| 043 |
|
|
|a n-us---
|
| 099 |
|
|
|a CMP-1937-NAH-0093
|
| 110 |
1 |
|
|a United States.
|b Congress.
|b House.
|b Committee on Naval Affairs.
|
| 245 |
1 |
0 |
|a For the Relief of Joseph M. Haska (H.R. 528). Mr. Mead.
|
| 264 |
|
1 |
|a [Place of publication not identified] :
|b [publisher not identified],
|c 1937.
|
| 300 |
|
|
|a 1 online resource.
|
| 336 |
|
|
|a text
|b txt
|2 rdacontent
|
| 337 |
|
|
|a computer
|b c
|2 rdamedia
|
| 338 |
|
|
|a online resource
|b cr
|2 rdacarrier
|
| 500 |
|
|
|a Record is based on bibliographic data in LexisNexis U.S. Congressional Research Digital Collection (last viewed May 2010). Reuse except for individual research requires license from LexisNexis.
|
| 500 |
|
|
|a Print.
|
| 500 |
|
|
|a Electronic resource.
|
| 650 |
|
0 |
|a Soldiers.
|
| 650 |
|
0 |
|a Navies.
|
| 655 |
|
7 |
|a Electronic books.
|2 local
|
| 710 |
2 |
|
|a ProQuest (Firm)
|
| 776 |
0 |
8 |
|i Microfiche version:
|a United States. Congress. House. Committee on Naval Affairs.
|t For the Relief of Joseph M. Haska (H.R. 528). Mr. Mead.
|o 75 H836-0.49
|
| 830 |
|
0 |
|a U.S. Congressional Research.
|
| 856 |
4 |
0 |
|u http://proxy.library.tamu.edu/login?url=https://congressional.proquest.com/congcomp/getdoc?CRDC-ID=CMP-1937-NAH-0093
|z Connect to the full text of this electronic book
|t 0
|
| 999 |
|
|
|a MARS
|
| 999 |
f |
f |
|s 1139e1ac-165d-3b4b-a408-73a38e24ad85
|i bd51c88b-ac34-35ef-b034-f59a09606258
|t 0
|
| 952 |
f |
f |
|a Texas A&M University
|b College Station
|c Electronic Resources
|s www_evans
|d Available Online
|t 0
|e CMP-1937-NAH-0093
|h Other scheme
|
| 998 |
f |
f |
|a CMP-1937-NAH-0093
|t 0
|l Available Online
|